Music Quiz

Random Music or Country Music Quiz

'Mind Reader' Lyrics - Dustin Lynch Quiz Stats

 Plays Quiz not verified by Sporcle

Challenge
Share
Tweet
Embed
Score 0/241 Timer 07:00
0 Plays Today
% Correct
CHORUS:
98.8%
(CHORUS)
98.8%
(CHORUS)
98.8%
you
97.5%
you
97.5%
you
97.5%
you
97.5%
you
97.5%
you
97.5%
you
97.5%
you
97.5%
you
97.5%
You
97.5%
you
97.5%
you
97.5%
you
97.5%
you
97.5%
you
97.5%
you
97.5%
you
97.5%
you
97.5%
you
97.5%
you
97.5%
you
97.5%
you
97.5%
you
97.5%
you
97.5%
ya
97.5%
you
97.5%
a
95.7%
a
95.7%
a
95.7%
a
95.7%
a
95.7%
a
95.7%
that?
94.5%
that
94.5%
mind,
94.5%
mind
94.5%
reader
94.5%
that
94.5%
mind
94.5%
that
94.5%
that
94.5%
them
93.9%
know
92.6%
your
92.6%
know
92.6%
know
92.6%
know
92.6%
know
92.6%
know
92.6%
Baby,
92.6%
baby,
92.6%
baby
92.6%
know
92.6%
know
92.6%
know
92.6%
I
92.6%
know
92.6%
to
92%
to
92%
little
92%
to
92%
little
92%
little
92%
little
92%
little
92%
to
92%
to
92%
to
92%
to
92%
what
91.4%
what
91.4%
what
91.4%
what
91.4%
what
91.4%
what
91.4%
are
90.2%
are
90.2%
are
90.2%
% Correct
are
90.2%
like
89.6%
like
89.6%
Yeah,
89.6%
Yeah,
89.6%
that's
89.6%
like
89.6%
Like
89.6%
Yeah,
89.6%
like
89.6%
like
89.6%
Like
89.6%
like
89.6%
Yeah,
89.6%
that's
89.6%
like
89.6%
like
89.6%
Yeah,
89.6%
that's
89.6%
me
89%
me
89%
me
89%
me
89%
me
89%
me
89%
me
89%
on?
86.5%
on
86.5%
on
86.5%
on
86.5%
was
85.9%
in
85.9%
in
85.9%
in
85.9%
turn
85.3%
turn
85.3%
How'd
84.7%
How'd
84.7%
up
84.7%
How'd
84.7%
up
84.7%
gonna
84.7%
up
84.7%
and
84.7%
and
84.7%
gonna
84.7%
was
84.7%
how'd
84.7%
How'd
84.7%
How'd
84.7%
and
84.7%
hair
84%
it
84%
it
84%
it's
83.4%
it's
83.4%
it's
83.4%
it's
83.4%
it's
83.4%
It's
83.4%
It's
83.4%
Girl,
82.8%
Girl,
82.8%
Girl
82.8%
Girl,
82.8%
wear
82.2%
but
82.2%
but
82.2%
right
82.2%
was
82.2%
right
82.2%
my
82.2%
right
82.2%
was
82.2%
my
82.2%
my
82.2%
my
82.2%
good
81.6%
all
81.6%
this
81.6%
this
81.6%
% Correct
all
81.6%
you're
81%
you're
81%
gonna
81%
too
80.4%
heart
80.4%
here
80.4%
song?
79.8%
jeans
79.8%
I'm
79.8%
knew
79.8%
I'm
79.8%
knew
79.8%
I'm
79.8%
knew
79.8%
car
79.1%
tore
77.9%
the
77.3%
smile
77.3%
now
77.3%
now?
77.3%
now?
77.3%
at
76.7%
down
76.7%
tear
76.1%
lips
76.1%
take
74.8%
take
74.8%
stealer
74.2%
play
73.6%
melt
73.6%
when
73.6%
reading
73.6%
when
73.6%
those
73%
got
73%
got
73%
got
73%
got
73%
going
72.4%
off
71.8%
back
71.8%
'cause
71.2%
place'?
71.2%
barely
70.6%
ready
70.6%
shy
70.6%
needing
69.9%
way
69.3%
fall
69.3%
'em
68.7%
thinking
68.7%
say?
68.7%
party
68.7%
'bout
68.1%
ear,
68.1%
'Let's
68.1%
whisper
67.5%
get
66.9%
lay
65.6%
ball
65.6%
mine
65%
high
64.4%
crystal
63.8%
side
63.8%
sweet
63.2%
perfume
63.2%
just
63.2%
tonight
62.6%
probably
62.6%
gypsy
62.6%
Well,
59.5%
out,
58.9%
don't
58.3%
hand
57.1%
had
56.4%
figured
54%
planned
53.4%
lean
52.8%

You're not logged in!

Compare scores with friends on all Sporcle quizzes.
OR
Log In

You Might Also Like...

Show Comments

Extras

Top Quizzes Today


Score Distribution

Your Account Isn't Verified!

In order to create a playlist on Sporcle, you need to verify the email address you used during registration. Go to your Sporcle Settings to finish the process.

Report this User

Report this user for behavior that violates our Community Guidelines.

Details: